Comunicación estratégica: La opinión pública y el proceso comunicacional

Đã lưu trong:
Chi tiết về thư mục
Tác giả chính: Scheinsohn, Daniel (Tác giả)
Định dạng: Sách
Ngôn ngữ:Tiếng Tây Ban Nha
Được phát hành: Buenos Aires Granica 2009
Phiên bản:1a. ed
Những chủ đề:
Các nhãn: Thêm thẻ
Không có thẻ, Là người đầu tiên thẻ bản ghi này!

MARC

LEADER 00000nam a2200000 a 4500
001 UCH2607
003 CL-VaPUC
008 090618e20090000AG |||||||||||||||||spa|d
020 |a 9789506415396 
082 0 4 |a 658.45  |b SCH  |2 21 
100 0 |a Scheinsohn, Daniel  |e author  |9 537558 
245 1 0 |a Comunicación estratégica: La opinión pública y el proceso comunicacional 
250 |a 1a. ed 
300 |a 134 p 
942 |c BK 
945 |d 20090618 00:00:00  |a dcastane 
260 |a Buenos Aires  |b Granica  |c 2009 
650 0 |a Administración de empresas   |9 260833 
650 0 |a Planificación estratégica   |9 259735 
650 0 |a Comunicación   |9 257251 
650 0 |a Medios de comunicación  |9 257206 
650 0 |a Comunicación social  |9 334226 
583 |a last modification  |c 20090618 00:00:00  |k Rodrigo Vera 
999 |c 334333  |d 334331 
952 |0 0  |1 0  |4 0  |6 658_450000000000000_SCH_2009  |7 0  |8 A  |9 423303  |a BIBCUR  |b BIBCUR  |d 2019-11-22  |i 456247K  |l 2  |m 1  |o 658.45 SCH 2009  |p 456247K  |r 2025-04-22  |s 2023-06-23  |w 2019-11-22  |y BK  |k MGC 
952 |0 0  |1 0  |4 0  |6 658_450000000000000_SCH_2009  |7 0  |8 A  |9 423304  |a BIBCUR  |b BIBCUR  |d 2019-11-22  |i 4668782  |o 658.45 SCH 2009  |p 4668782  |r 2025-04-22  |w 2019-11-22  |y BK  |k MGC